[Event "King County Tornado"]
[Site "?"]
[Date "1975.02.15"]
[Round "2"]
[White "Torkelson, A."]
[Black "Bailey, B."]
[Result "0-1"]
[WhiteElo "1688"]
[BlackElo "2016"]
[Annotator "Stockfish 13 (15s)"]
[PlyCount "84"]
[EventDate "1975.??.??"]

{A03: Bird's Opening with 1...d5} 1. f4 d5 2. Nf3 Nf6 3. e3 Bg4 4. Be2 e6 5.
O-O c5 6. b3 Nc6 7. Bb2 Be7 8. d3 Qc7 (8... O-O 9. Nbd2 Qc7 10. Ne5 Bxe2 11.
Qxe2 d4 12. Nxc6 Qxc6 13. e4 Nd7 14. Nf3 f6 15. a4 a6 16. a5 g5 17. fxg5 fxg5
18. Nd2 Ne5 19. Qh5 Qe8 20. Rxf8+ Qxf8 21. Rf1 Qe8 22. Qh6 Qg6 23. Qxg6+ {
Gurin,A (2223)-Kosolapov,V (2224) Tula 2005 1-0 (50)}) 9. Nbd2 $146 (9. h3 Bxf3
10. Bxf3 e5 11. c4 e4 12. dxe4 dxe4 13. Be2 Rd8 14. Qc1 O-O 15. a3 Rfe8 16. Nd2
Qd7 17. Bc3 a5 18. Qc2 Qf5 19. Bf3 Bf8 20. Bxf6 Qxf6 21. Nxe4 Qe7 22. Rae1 g6
23. Nc3 Bg7 {Durao,J (2295)-Berrios Pagan,A (2250) Skopje 1972 1-0}) 9... O-O-O
(9... Bd6 $142 $5 $11) 10. Ne5 $16 Bxe2 11. Qxe2 Nxe5 $2 (11... Rhf8 $142 $16)
12. fxe5 $18 (12. Bxe5 $6 Bd6 13. Nf3 Kb8 $14) 12... Ne8 $2 (12... Ng8 13. Rxf7
g6 $18) 13. Rxf7 Rd7 14. Raf1 Bg5 15. R7f3 (15. Rxd7 Qxd7 16. d4 Be7 $18) 15...
Qa5 (15... Qc6 16. a4 $18) 16. a4 Qb4 (16... Nc7 17. d4 $18) 17. Rf8 (17. d4
$142 $5 Nc7 $18) 17... Rxf8 18. Rxf8 Kd8 $2 (18... Rd8 19. Rf3 $18) 19. Nf1 (
19. Rh8 Bh6 20. h3 Qh4 $18) 19... Qh4 (19... g6 20. Qf2 $18) 20. Qf3 Qe1 (20...
Qh6 21. Bc3 $18) 21. Qf2 (21. Ba3 b6 22. c4 Bxe3+ 23. Qxe3 Qxe3+ 24. Nxe3 dxc4
25. Nxc4 Rxd3 $18) 21... Qb1 $4 (21... Qxf2+ 22. Kxf2 h6 $18) 22. Bc3 b6 (22...
Qd1 23. h4 Be7 24. Rg8 $18) 23. e4 (23. h4 $142 Bh6 24. d4 $18) 23... dxe4 24.
Bd2 Bxd2 25. Qxd2 exd3 26. cxd3 $4 (26. Qg5+ $142 Kc7 27. cxd3 Qxb3 28. Rxe8
Qxd3 29. Rxe6 Qd4+ 30. Kh1 $18) 26... Qxd3 (26... h6 $142 $5 27. Qf4 Qxb3 $17)
27. Qg5+ $15 Re7 28. Rf7 (28. Qh4 $5 $15) 28... Qd7 $17 29. Ne3 h6 30. Qxe7+ $2
(30. Rxe7 $142 Qxe7 31. Qg4 $17) 30... Qxe7 $19 31. Rxe7 Kxe7 32. Kf2 Nc7 33.
Kf3 (33. Nc4 Kd7 $19) 33... Nd5 34. Nc4 Kf7 (34... Kd7 $142 $5 35. g4 Kc6 36.
Nd6 $19) 35. g4 $2 (35. Nd6+ $142 Kg6 36. Nc8 $17) 35... a6 $4 (35... Ke7 $142
$5 $19) 36. h4 $2 (36. a5 b5 37. Nd6+ Ke7 $15) 36... g5 (36... Ke7 $142 $17)
37. hxg5 $11 hxg5 38. Nd6+ Kg6 39. Ke4 Nc7 40. Kd3 Nd5 41. Ne4 $4 (41. Nb7 Nb4+
42. Kc3 Nc6 $11) 41... Ne7 (41... Nb4+ $142 42. Kc3 Nc6 $19) 42. Kc4 $4 (42. a5
$142 bxa5 43. Nxc5 $11) 42... Nc6 $19 (42... Nc6 43. Nf2 Nxe5+ 44. Kc3 a5 $19)
0-1

[Event "King County Tornado"]
[Site "?"]
[Date "1975.02.15"]
[Round "3"]
[White "Bailey, B."]
[Black "Barr, S."]
[Result "1-0"]
[WhiteElo "2016"]
[BlackElo "1743"]
[Annotator "Stockfish 13 (15s)"]
[PlyCount "123"]
[EventDate "1975.??.??"]

{B29: Sicilian: 2 Nf3 Nf6 (Nimzowitsch Variation)} 1. e4 c5 2. Nf3 Nf6 3. e5
Nd5 4. Nc3 e6 5. Nxd5 exd5 6. d4 d6 7. Bb5+ Nc6 8. Qe2 Be7 9. exd6 (9. O-O O-O
10. dxc5 dxc5 11. c3 Bf5 12. Bf4 Qd7 13. Rad1 Rfe8 14. c4 d4 15. b4 d3 16. Qe3
cxb4 17. h3 Rad8 18. Rfe1 h6 19. g4 Bg6 20. Bg3 Qe6 21. Nh4 a6 22. Ba4 Bh7 23.
Nf3 Qxc4 {Baulig,B-Steyer,B (2149) Hessen 2001 1-0 (41)}) 9... Qxd6 10. dxc5
Qxc5 11. Bg5 $146 (11. Be3 Qd6 12. h3 (12. O-O O-O 13. Rad1 Bg4 14. Bc4 Qf6 15.
Bxd5 Rfe8 16. h3 Bxf3 17. Qxf3 Rac8 18. c3 b5 19. Bxc6 Rxc6 20. Qxf6 Bxf6 21.
Rd7 a5 22. Rb7 a4 23. a3 {
1-0 (23) Kveinys,A (2515)-Keuth,G (2160) Weilburg 1995}) 12... O-O 13. Rd1 Be6
14. O-O Bf6 15. c3 a6 16. Ba4 b5 17. Bb3 Na5 18. Bd4 Bxd4 19. Nxd4 Nc6 20. Nxc6
Qxc6 21. Rd4 Rfd8 22. Rfd1 Rd7 23. Qf3 Rad8 24. Bc2 a5 25. a3 Qc5 {
Opsahl,H-Frydman,P Buenos Aires 1939 1/2-1/2 (81)}) (11. Be3 $142 Qd6 12. O-O
$14) 11... f6 $4 (11... O-O $142 12. Bxe7 Nxe7 $11) 12. Be3 $18 Qb4+ 13. c3 Qe4
(13... Qg4 14. h3 Qg6 15. Ba4 $18) 14. Bd3 Qg4 (14... Qe6 15. O-O-O O-O 16. Bc2
$18) 15. O-O-O O-O 16. h3 Qa4 (16... Qe6 17. Bc2 Rd8 18. Rhe1 $18) 17. Kb1 Ne5
(17... Be6 18. Bc5 $1 Bf7 19. Bxe7 Rfe8 $18) 18. Nxe5 fxe5 19. Qh5 e4 (19...
Qh4 20. Qxe5 Rd8 $18) 20. Qxd5+ Kh8 21. Qxe4 (21. Bc2 Qe8 22. g4 Bh4 $18) 21...
Qxe4 22. Bxe4 Bf5 (22... Bh4 23. f3 $18) 23. Bxf5 Rxf5 24. Rd7 Bc5 25. Bxc5
Rxc5 26. Re1 Rf8 (26... b5 27. Rxa7 $1 Rb8 28. f3 $18) 27. Rxb7 h5 (27... a6
28. f3 $18) 28. f3 Rg5 29. Re2 a5 (29... Rd8 30. Kc2 $18) 30. c4 Rc8 31. Rb5
Rg6 32. Rxh5+ Kg8 33. Rc2 Ra6 34. b3 (34. a4 Kf7 $18) 34... g6 (34... Kf7 35.
a4 $18) 35. Re5 Kf7 36. f4 Rb8 37. Rd2 a4 (37... Rb7 38. Red5 $18) 38. Kb2 (38.
Rd7+ Kf8 39. Kb2 axb3 40. axb3 Rbb6 $18) 38... Rc6 (38... axb3 39. axb3 Rab6
40. Rd7+ Kf6 41. Re3 $18) 39. Kc3 axb3 (39... Rcb6 40. Rd7+ Kf8 41. c5 $18) 40.
axb3 g5 (40... Rcb6 41. Rd7+ Kf8 42. b4 $18) 41. Rxg5 (41. Rd7+ Kf8 42. Rxg5
Re8 $18) 41... Rf6 42. g3 Rh6 43. h4 Re6 44. Re5 Rg6 45. Rd7+ Kf8 46. Re3 Rgb6
47. Kd4 Ra8 48. Kc5 (48. c5 $142 Rc6 $18) 48... Raa6 49. b4 Rc6+ 50. Kd5 Rh6
51. b5 Rh5+ 52. Re5 Rxe5+ 53. fxe5 Rg6 (53... Ra5 54. h5 Ra1 55. b6 Rb1 56. b7
Ke8 57. Kc6 Kf8 58. Kc7 Rb4 59. b8=Q+ Rxb8 60. Kxb8 Kg8 61. c5 Kf8 62. e6 Kg8
63. c6 Kh8 64. c7 Kg8 65. c8=Q#) 54. c5 Ke8 (54... Rxg3 55. b6 Rd3+ 56. Kc6
Rxd7 57. Kxd7 Kg7 58. h5 Kh6 59. c6 Kxh5 60. b7 Kh4 61. b8=Q Kh5 62. e6 Kh6 63.
c7 Kg5 64. c8=Q Kf5 65. e7 Ke4 66. e8=Q+ Kf3 67. Qg3+ Kxg3 68. Qe3+ Kg2 69.
Qc2+ Kf1 70. Qce2#) 55. c6 Rg4 (55... Rxg3 56. b6 Rg1 57. b7 Rb1 58. Kd6 Rd1+
59. Ke6 Rb1 60. h5 Rb2 61. h6 Rb6 62. b8=R+ Rxb8 63. h7 Rb1 64. h8=Q#) 56. b6
Rb4 (56... Rxg3 57. b7 Rb3 58. Kd6 Rb1 59. Kc7 Kf8 60. b8=R+ Rxb8 61. Kxb8 Ke8
62. e6 Kf8 63. c7 Ke8 64. c8=Q#) 57. b7 Rb5+ (57... Rb2 58. Kd6 Rb1 59. Kc7 Kf8
60. b8=R+ Rxb8 61. Kxb8 Ke8 62. g4 Kf8 63. c7 Kg8 64. c8=Q#) 58. Kd6 Rb4 (58...
Rb1 59. Kc7 Kf8 60. b8=R+ Rxb8 61. Kxb8 Ke8 62. g4 Kf8 63. c7 Kg8 64. c8=Q#)
59. Re7+ (59. Kc7 Kf8 60. b8=Q+ Rxb8 61. Kxb8 Ke8 62. g4 Kf8 63. c7 Kg8 64.
c8=Q#) 59... Kf8 60. c7 (60. Rd7 Rb1 61. Kc7 Rb5 62. b8=Q+ Rxb8 63. Kxb8 Ke8
64. g4 Kf8 65. c7 Kg8 66. c8=Q#) 60... Rb6+ 61. Kc5 Rc6+ (61... Kxe7 62. Kxb6
Ke6 63. c8=Q+ Kd5 64. Qg4 Kxe5 65. b8=Q+ Kd5 66. Qe5+ Kxe5 67. h5 Kd5 68. h6
Ke5 69. h7 Kd5 70. h8=Q Kd6 71. Qe5+ Kxe5 72. Qf4+ Ke6 73. g4 Kd5 74. g5 Ke6
75. g6 Kd7 76. g7 Ke6 77. g8=Q+ Ke7 78. Qe8+ Kxe8 79. Kc6 Ke7 80. Qf5 Ke8 81.
Kd6 Kd8 82. Qd7#) 62. Kxc6 (62. Kxc6 Kxe7 63. b8=Q Kf7 64. c8=Q Kg7 65. Qb1 Kf7
66. Qh7#) 1-0

[Event "King County Tornado"]
[Site "?"]
[Date "1975.02.15"]
[Round "4"]
[White "Morris, R."]
[Black "Bailey, B."]
[Result "1-0"]
[WhiteElo "1892"]
[BlackElo "2016"]
[Annotator "Stockfish 13 (15s)"]
[PlyCount "67"]
[EventDate "1975.??.??"]

{C99: Closed Ruy Lopez: Chigorin Defence: 11 d4 Qc7 12 Nbd2 cxd4} 1. e4 e5 2.
Nf3 Nc6 3. Bb5 a6 4. Ba4 Nf6 5. O-O Be7 6. Re1 b5 7. Bb3 d6 8. c3 O-O 9. h3 Na5
10. Bc2 c5 11. d4 Qc7 12. Nbd2 cxd4 13. cxd4 Nc6 14. Nf1 (14. b3 Nb4 15. Bb1
Qc3 16. Ba3 Qxa1 17. Bxb4 a5 18. dxe5 axb4 19. exf6 Qxf6 20. e5 dxe5 21. Rxe5
Bb7 22. Be4 Ra7 23. Rxb5 Bxe4 24. Nxe4 Qc6 25. Re5 Rd8 26. Qe2 f6 27. Rh5 g6
28. Rb5 Rxa2 {Watson,W (2505)-Conquest,S (2490) Gausdal 1989 0-1 (47)}) 14...
h6 $2 $146 (14... Rd8 15. Ng3 d5 16. exd5 Nxd4 17. Nxd4 Rxd5 18. Qf3 exd4 19.
Bb3 Bb7 20. Bxd5 Nxd5 21. Nf5 Bf6 22. Qg4 h5 23. Qxh5 Qc2 24. Nd6 g6 25. Qd1
Qxd1 26. Rxd1 Bc6 27. Bd2 Be5 28. Rac1 Ne7 29. Bb4 {
Foltys,J-Prins,L The Hague 1947 1-0 (63)}) (14... Bb7 15. d5 Nb4 (15... Nb8 16.
Be3 Ne8 17. Ng3 g6 18. Rc1 Ng7 19. Bh6 Qa5 20. a3 Nd7 21. h4 Rfc8 22. h5 Qd8
23. Qd2 Nb6 24. b3 a5 25. Bd3 a4 26. b4 Qe8 27. hxg6 hxg6 28. Bg5 f6 29. Be3
Bd8 30. Qe2 {Sampaolesi,N-Verdejo,J Escobar 2004 0-1 (62)}) 16. Bb1 a5 17. Ng3
g6 18. Qe2 Rfb8 19. Be3 Bc8 20. a3 Na6 21. Ba2 Bd8 22. Rac1 Qe7 23. Rc2 b4 24.
Rec1 Bd7 25. Bc4 Nc5 26. Bxc5 dxc5 27. Qe3 Bc7 28. Nf1 Bd6 29. N1d2 {
Hoffmann,T-Sippel,R Northeim 2005 1/2-1/2 (61)}) (14... Nb4 15. Bb1 a5 16. a3
Na6 17. Bd3 Bd7 {1/2-1/2 (17) Lengyel,B (2335)-Farago,S (2305) Budapest 2004})
(14... exd4 15. Ng3 $11) 15. Re2 (15. Be3 Bd7 $16) 15... Nh5 $2 (15... Nxd4
$142 $5 16. Nxd4 exd4 17. Qxd4 Be6 $14) 16. Bb3 Nf4 $4 (16... Qb7 $142 $16) 17.
Bxf4 $18 exf4 18. Rc1 Qb6 19. Rxc6 $1 Qxc6 20. Bd5 Qb6 (20... Qe8 21. Bxa8 Bxh3
22. gxh3 Qxa8 23. d5 $18) 21. Bxa8 Bxh3 22. Bd5 (22. gxh3 Rxa8 23. Qc1 Bf6 24.
Qxf4 Bxd4 $18) 22... Bd7 (22... Bg4 23. N1h2 Bh5 24. Rc2 $18) 23. e5 g5 (23...
dxe5 24. Nxe5 Qd6 25. Qb3 $18) 24. e6 fxe6 25. Bxe6+ Bxe6 26. Rxe6 Bf6 27. Qb3
Kg7 28. Qd5 g4 (28... Qc7 29. Rxd6 Rd8 30. Rxd8 Qxd8 31. Qe4 $18) 29. Rxd6 Qxd6
30. Qxd6 gxf3 31. Qxf4 fxg2 (31... Bg5 32. Qe5+ Bf6 33. Qe6 $18) 32. Kxg2 (32.
Ng3 $142 $18) 32... Rd8 (32... Bg5 33. Qe5+ Kg6 $18) 33. Ng3 Kg6 34. Qf5+ (34.
Qf5+ Kf7 35. Ne4 Rg8+ 36. Kf1 Rg6 37. Nd6+ Kg7 38. Qd7+ Kh8 39. Qf7 Rg7 40.
Qxf6 Kg8 41. Nf5 Rc7 42. d5 Rc1+ 43. Kg2 Rc7 44. d6 Rb7 45. Ne7+ Rxe7 46. Qxe7
b4 47. d7 b3 48. d8=Q#) 1-0

[Event "Simultaeneous Exhibition"]
[Site "?"]
[Date "1975.05.27"]
[Round "?"]
[White "Browne, W."]
[Black "Bailey, B."]
[Result "0-1"]
[WhiteElo "2545"]
[BlackElo "2016"]
[Annotator "Stockfish 14 (15s)"]
[PlyCount "78"]
[EventDate "1975.??.??"]

{C68: Ruy Lopez: Exchange Variation, sidelines} 1. e4 e5 2. Nf3 Nc6 3. Bb5 a6
4. Bxc6 dxc6 5. O-O Qd6 6. d3 Be7 7. Be3 (7. Nbd2 Be6 8. b3 f6 9. Nc4 Qd7 10.
Be3 O-O-O 11. Qe1 g5 12. Qc3 h5 13. b4 h4 14. b5 Bxc4 15. dxc4 cxb5 16. cxb5
Qxb5 17. Rab1 Qc6 18. Qxc6 bxc6 19. Rb3 h3 20. g3 Nh6 21. Rfb1 Ng4 {
Breder,D (2441)-Butnorius,A (2449) Budapest 2002 1/2-1/2 (35)}) 7... f6 $146 (
7... Nf6 8. Nbd2 Be6 9. Ng5 Ng4 10. Nxe6 Qxe6 11. Qf3 O-O 12. Rfe1 Nxe3 13.
Qxe3 f5 14. exf5 Qxf5 15. Ne4 b6 16. Re2 Qe6 17. a3 c5 18. Rae1 Bd6 19. b3 Qg4
20. a4 Qf4 21. f3 Qxe3+ 22. Rxe3 {
Leitner,W (2097)-Fayolle,G (1920) Chartres 2005 1-0 (49)}) (7... Be6 8. Nbd2
O-O-O (8... c5 9. Qe2 h6 10. Rfd1 Nf6 11. c3 Ng4 12. d4 exd4 13. cxd4 Nxe3 14.
fxe3 cxd4 15. exd4 O-O 16. Kh1 Rfe8 17. Rac1 Rad8 18. Nc4 Qf4 19. Nce5 Bd6 20.
Nd3 Qg4 21. Nf2 Qg6 22. Qd3 c6 23. h3 {
Lane,G (2330)-Thomas,I (2295) Edinburgh 1985 0-1 (37)}) 9. Nb3 f6 10. Qe2 Qd7
11. Rfd1 Bxb3 12. axb3 c5 13. Qd2 Qb5 14. Ra5 Qb4 15. Rda1 Qxd2 16. Nxd2 Bd6
17. Bxc5 Bxc5 18. Rxc5 Ne7 19. Nc4 Kb8 20. Ne3 b6 21. Rc4 Kb7 22. Rca4 {
Grafl,F (2342)-Newrkla,A (2088) Vienna 2003 1-0 (50)}) (7... Nf6 8. Nbd2 Be6 9.
Ng5 $14) 8. Nbd2 $14 Be6 9. d4 (9. Qe2 g5 10. Rfd1 O-O-O $16) 9... Nh6 10. dxe5
fxe5 11. Bxh6 gxh6 12. Qe2 Bg4 13. h3 Bh5 14. Nc4 Qe6 15. Ne3 (15. Ncxe5 $4
Qxe5 16. Nxe5 Bxe2 $19) 15... Rg8 16. Kh1 (16. Nf5 O-O-O $16) 16... O-O-O 17.
Nf5 Bc5 18. g4 (18. Rad1 $142 $5 $14) 18... Bf7 (18... Bg6 19. N3h4 h5 20. gxh5
Bf7 $15) 19. c3 $2 (19. Rfd1 $5 $11) 19... Kb8 (19... h5 20. Rg1 hxg4 21. hxg4
$17) 20. b4 (20. Rfd1 Rxd1+ 21. Rxd1 $11) 20... Ba7 (20... Be7 21. Rad1 h5 22.
Rxd8+ Bxd8 $17 (22... Rxd8 $6 23. Rd1 $11)) 21. a3 $2 (21. Rad1 $11) 21... Qc4
$4 (21... h5 $142 22. Rfd1 Rdf8 $17 (22... hxg4 $143 23. Rxd8+ Rxd8 24. hxg4
$17)) 22. Qxc4 $14 Bxc4 23. Nxe5 Bxf1 24. Rxf1 Rd2 {Exerts pressure on f2} 25.
f4 (25. Nxh6 $142 Re8 26. f4 $14) 25... Rc2 $4 (25... Rgd8 $142 26. Nxh6 Rc2
$11) 26. Nd7+ $18 Ka8 $2 (26... Kc8 27. Ne7+ Kxd7 28. Nxg8 Rxc3 $18) 27. e5
Rxc3 28. e6 Rxh3+ 29. Kg2 Rd3 (29... Rxa3 30. e7 Re8 31. Nf6 Rxe7 32. Nxe7 Ra2+
33. Kg3 Ra3+ 34. Kh4 $18) 30. Nf6 Rgd8 (30... Rc8 31. e7 c5 32. Rc1 (32. Nxh6
$6 c4 $18) 32... cxb4 33. axb4 $18) 31. e7 Rd2+ 32. Kg3 (32. Kf3 $142 Rc8 33.
Re1 $18) 32... R8d3+ $11 33. Rf3 Bf2+ 34. Kh3 $4 (34. Kg2 $142 Bd4+ 35. Kg3
Bf2+ 36. Kg2 Bb6+ 37. Kg3 Bf2+ $11) 34... Rxf3+ $19 35. Kg2 Rg3+ $1 36. Nxg3
Bc5+ 37. Kh3 Bxe7 38. Nxh7 c5 39. Nf5 (39. bxc5 Bxc5 40. a4 $19) 39... c4 (
39... c4 40. g5 c3 $19) 0-1

[Event "First Match"]
[Site "?"]
[Date "1975.06.01"]
[Round "1"]
[White "Gray, M."]
[Black "Bailey, B."]
[Result "1/2-1/2"]
[WhiteElo "1835"]
[BlackElo "2016"]
[Annotator "Stockfish 14 (15s)"]
[PlyCount "137"]
[EventDate "1975.??.??"]

{A17: English Opening: 1...Nf6 with ...Bb4} 1. c4 Nf6 2. g3 e6 3. Nc3 d5 4.
cxd5 exd5 5. d4 c6 6. Bg2 Bf5 7. Nf3 Bd6 8. O-O O-O 9. Nh4 Qd7 10. Nxf5 (10.
Bg5 Ne4 11. Bd2 Re8 12. Nxf5 Qxf5 13. f3 Nxd2 14. Qxd2 Qg6 15. e4 dxe4 16. fxe4
Na6 17. e5 Bc7 18. Be4 Qe6 19. Ne2 Rad8 20. Qf4 g6 21. Rad1 Nb4 22. a3 Nd5 23.
Bxd5 Rxd5 24. Nc3 Rdd8 {Milans,C-Viotti,G Uruguay 2004 1-0 (33)}) 10... Qxf5
11. f3 Bc7 12. e4 Qd7 $146 (12... dxe4 13. fxe4 Qe6 14. Bg5 Nbd7 15. Kh1 h6 16.
Bf4 Bxf4 17. gxf4 Rad8 18. e5 Ne8 19. Qa4 Nb6 20. Qxa7 Nc4 21. f5 Qd7 22. Rf4
Ne3 23. Rg1 Kh8 24. Bh3 g5 25. fxg6 Qxh3 26. Rg3 Qh5 27. Rxe3 {
Meenakshi,S (2297)-Thakurta,S (2111) Mumbai 2003 1/2-1/2 (51)}) (12... Qh5 13.
e5 Ne8 14. b4 $18) 13. e5 Ne8 14. f4 f6 (14... f5 15. b4 a6 16. a4 $18) 15. Be3
b5 (15... Na6 16. b4 $1 Bb6 $18) 16. Qb3 Na6 (16... a5 17. Nxd5 $1 Kh8 18. Nc3
$18) 17. Nxd5 $1 Kh8 (17... cxd5 18. Qxd5+ {Double attack}) 18. Nxc7 Nexc7 19.
Rac1 Nd5 20. Rfd1 (20. Rxc6 $142 $1 Qxc6 21. Bxd5 Qd7 22. Bxa8 Rxa8 $18) 20...
Rac8 (20... Nac7 21. Bf2 a5 22. Qc2 $18) 21. Bf2 (21. Rxc6 $1 Rxc6 22. Bxd5 Rc7
$18) 21... Nac7 22. Be4 (22. Qa3 $142 Na8 23. Bxd5 cxd5 $18) 22... f5 23. Bg2
g6 24. Qf3 (24. Qa3 $142 Rfd8 25. Qxa7 $18) 24... Ne6 $4 (24... a5 25. h4 $18)
25. a3 (25. Rxc6 $1 Qxc6 26. Qxd5 Qxd5 27. Bxd5 Rfe8 $18) 25... Kg7 $4 (25...
Rfd8 26. Be1 Qc7 27. Bb4 $18) 26. b4 (26. Rxc6 Qxc6 27. Qxd5 Qxd5 28. Bxd5 Rfe8
$18) 26... Rf7 $4 (26... Rfd8 27. Qb3 $18) 27. h4 (27. Rxc6 Rxc6 28. Qxd5 Qxd5
29. Bxd5 Ra6 $18) 27... h5 $4 (27... Re7 28. Rd3 Rd8 29. Rd2 $18) 28. Rc2 (28.
Rxc6 $142 Rxc6 29. Qxd5 Rc3 30. Qxd7 Rxd7 $18) 28... Qd8 (28... Re7 29. Qb3
Nec7 30. Rdc1 $18) 29. Rdc1 (29. Rxc6 $142 $1 Rxc6 30. Qxd5 Qxd5 31. Bxd5 $18)
29... Rfc7 30. Qd1 Qd7 31. Bf3 Kh6 32. Kg2 Qd8 33. Bxd5 $4 (33. Ra2 $142 $18)
33... cxd5 $14 34. Rxc7 (34. a4 Rxc2 35. Rxc2 Rxc2 36. Qxc2 Qc7 $11) 34... Rxc7
$11 35. Rxc7 Qxc7 36. Qb3 Qc6 37. Kf3 Kg7 38. Ke2 Kf7 39. Kd3 Nd8 40. Be3 Ke6
41. Kd2 Kd7 42. a4 bxa4 43. b5 (43. Qc3 $5 $15) 43... axb3 $17 44. bxc6+ Kxc6
$4 (44... Nxc6 45. Kc3 Na5 $17) 45. Kc3 $11 Kb5 46. Kxb3 Ne6 47. Kc3 Ka4 48.
Bc1 Nc7 49. Be3 Nb5+ 50. Kb2 Kb4 51. e6 Nd6 52. e7 Kb5 53. Kb3 Kc6 54. Kb4 Kd7
55. Kc5 Kxe7 56. Kxd5 Ne4 $4 (56... Kd7 57. Bc1 $11) 57. Ke5 (57. Kc6 $142 Nf6
58. d5 $18) 57... a5 $11 58. Bc1 a4 59. d5 Nxg3 60. Ba3+ Kd7 61. Kf6 Ne2 62.
Kxg6 Nxf4+ 63. Kxf5 Nxd5 64. Kg5 Ke6 65. Kxh5 Kf5 66. Kh6 Kg4 67. Kg6 Kxh4 68.
Kf5 Nb6 69. Ke4 1/2-1/2

[Event "First Match"]
[Site "?"]
[Date "1975.06.04"]
[Round "2"]
[White "Bailey, B."]
[Black "Gray, M."]
[Result "1-0"]
[WhiteElo "2016"]
[BlackElo "1835"]
[Annotator "Stockfish 14 (15s)"]
[PlyCount "69"]
[EventDate "1975.??.??"]

{C86: Closed Ruy Lopez: Worrall Attack} 1. e4 e5 2. Nf3 Nc6 3. Bb5 a6 4. Ba4
Nf6 5. O-O b5 6. Bb3 Be7 7. Qe2 O-O 8. Rd1 (8. h3 Bb7 9. c3 d5 10. d3 Qd6 11.
Bg5 Na5 12. Bc2 h6 13. Bh4 dxe4 14. dxe4 Nh5 15. Bxe7 Qxe7 16. Nbd2 Nf4 17. Qe3
Rad8 18. b4 Nc4 19. Nxc4 bxc4 20. Rfd1 Rd6 21. Kh2 Bc8 22. Qc5 Bxh3 {
Rayner,F (2270)-Tisdall,J (2455) Debrecen 1992 0-1 (58)}) 8... d6 $146 (8...
Re8 9. c3 d5 10. exd5 e4 11. dxc6 exf3 12. Qf1 Ng4 13. g3 Bd6 14. h3 Nh2 15.
Kxh2 Qh4 16. Kh1 Bxg3 17. fxg3 Qxg3 18. Qg1 Qxh3+ 19. Qh2 f2 {
0-1 (19) Leenhouts,K (2111)-Geirnaert,S Hengelo 2001}) (8... d5 9. d3 Bb7 10.
Bg5 d4 11. Nbd2 Nd7 12. Bxe7 Qxe7 13. Nf1 Nc5 14. Bd5 Ne6 15. g3 Ng5 16. N1d2
Rad8 17. Nxg5 Qxg5 18. Nf3 Qe7 19. Nh4 g6 20. Re1 Rd6 21. a4 b4 22. Qd2 a5 23.
Rf1 {Konev,V-Tonteri,A Laguna 1996 1-0 (38)}) (8... Bb7 9. d3 d6 10. a3 Na5 11.
Ba2 c5 12. Nbd2 Qc7 13. Nf1 Rad8 14. Ne3 g6 15. Bd2 Nc6 16. c3 Bc8 17. Ng5 h6
18. Nf3 Kh7 19. Nd5 Nxd5 20. exd5 Nb8 21. Qe3 g5 22. h4 f5 23. hxg5 {
Fomina,T (2305)-Piarnpuu,L (2245) Parnu 1996 1-0 (45)}) (8... Re8 $11) 9. d4 (
9. c3 $142 $11) 9... Nxd4 $17 10. Nxd4 exd4 11. a4 (11. c3 Bb7 12. f3 c5 13.
cxd4 cxd4 14. Rxd4 d5 $17) 11... b4 (11... Bb7 $5 12. c3 d3 13. Rxd3 Nxe4 14.
Be3 $19) 12. Rxd4 $17 c5 (12... a5 $142 $5 13. Rd1 Bb7 $15) 13. Rd1 $11 Qc7 (
13... Re8 14. Bf4 Bf8 15. Nd2 $11) 14. Bf4 $14 Nd7 $2 (14... Bb7 $5 15. Nd2
Rfe8 $14) 15. Bd5 (15. Nd2 $5 a5 16. Nc4 Ne5 17. Bxe5 dxe5 $16) 15... Ra7 $16
16. Nd2 Ne5 (16... Nb6 $5 17. Nc4 Nxd5 18. Rxd5 Be6 $16) 17. Nc4 Bb7 $4 (17...
Nxc4 $142 18. Bxc4 Rd8 $18) 18. Bxe5 $18 Bxd5 (18... dxe5 19. Bxb7 Rxb7 20. Rd5
$18) 19. Nxd6 (19. exd5 $142 dxe5 20. d6 Bxd6 21. Rxd6 $18) 19... Bxd6 20. Bxd6
Qxd6 21. Rxd5 (21. exd5 $6 Re7 22. Qf1 h5 $16) 21... Qc6 22. b3 (22. Qc4 Rc7
$18) 22... Re8 (22... c4 23. bxc4 h6 $18) 23. Rad1 Rae7 (23... h6 24. Qc4 Rc7
25. e5 $18) 24. f3 Re6 (24... h6 25. Qc4 $18) 25. Qc4 Rc8 26. Rd8+ Re8 27. R8d7
(27. R8d6 $5 Qc7 28. R1d5 Qe7 $18) 27... Qf6 28. R7d6 Re6 (28... Qe7 $18) 29.
Qxa6 Rce8 30. Qb6 (30. Rxe6 $142 Qxe6 31. Qxe6 fxe6 $18 (31... Rxe6 $4 32. Rd8+
Re8 33. Rxe8#)) 30... Qc3 31. a5 (31. Rxe6 $142 fxe6 32. Qb5 $18) 31... Qxc2
32. Qb5 f5 $4 (32... h6 33. a6 Kh7 $18) 33. Rd8 Kf8 (33... Kf7 34. Qd7+ R8e7
35. Qd5 $18) 34. a6 fxe4 (34... R6e7 35. Rxe8+ Rxe8 $18) 35. a7 (35. a7 Qa2 36.
Qb7 $18) 1-0

[Event "First Match"]
[Site "?"]
[Date "1975.06.05"]
[Round "3"]
[White "Gray, M."]
[Black "Bailey, B."]
[Result "0-1"]
[WhiteElo "1835"]
[BlackElo "2016"]
[Annotator "Stockfish 14 (15s)"]
[PlyCount "88"]
[EventDate "1975.??.??"]

{D46: Semi-Slav: 5 e3 Nbd7 6 Bd3, Black avoids the Meran} 1. c4 e6 2. Nf3 Nf6
3. Nc3 d5 4. e3 Be7 5. d4 c6 6. Bd3 Nbd7 7. O-O O-O 8. a4 a5 $146 (8... b6 9.
e4 dxe4 10. Nxe4 Bb7 11. Qc2 Nxe4 12. Bxe4 Nf6 13. a5 bxa5 14. c5 Ba6 15. Bxc6
Rc8 16. Qa4 Bxf1 17. Kxf1 Qc7 18. Bb5 Ng4 19. g3 Rb8 20. Qxa5 Qb7 21. Be2 Nxh2+
22. Kg2 Ng4 23. Qa6 {
Junker,A (1823)-Metschan,H (1866) Metelen 2004 1/2-1/2 (68)}) (8... Ne8 9. Qc2
f5 10. b3 Nef6 11. Ng5 Nb8 12. f4 Bd7 13. Ba3 Na6 14. Bxe7 Qxe7 15. Qd2 Nc7 16.
c5 Be8 17. Kh1 Bh5 18. Be2 h6 19. Nf3 Bxf3 20. Bxf3 g5 21. Be2 Ne4 22. Nxe4
dxe4 23. Bc4 {
Anaya Echeverria,J (2105)-Pastrana Rodriguez,C (2140) Mexico 1995 0-1 (54)}) 9.
cxd5 (9. b3 b6 $14) 9... exd5 $11 10. h3 Re8 11. Qc2 h6 12. e4 (12. Bd2 $5 $11)
12... dxe4 $15 13. Nxe4 Nxe4 14. Bxe4 Nf6 15. Be3 $2 (15. Bd3 $142 $15) 15...
Nxe4 $19 16. Qxe4 Bd6 (16... Bb4 17. Qf4 $19) 17. Qd3 Be6 (17... Bc7 18. Bd2
$19) 18. Rad1 (18. Bd2 Bc7 $17) 18... Bd5 19. Nd2 $2 (19. Ne5 Qh4 20. Rfe1 Rad8
$19) 19... Qf6 (19... b5 20. b3 Bc7 21. f3 $19) 20. f3 (20. Nc4 Bc7 21. Rfe1
Re6 $19) 20... Rad8 (20... Bc7 21. Rfe1 Qd6 22. Nf1 $19) 21. Ne4 Bxe4 22. fxe4
Qg6 $4 (22... Qe6 $142 23. Bd2 Bc7 $19 (23... Qxe4 $6 24. Bxa5 Qxd3 25. Rxd3
$17)) 23. Rf5 $15 Qg3 24. Rf3 Qh4 (24... Qg6 25. Rf5 $15) 25. Qb3 $15 Qxe4 26.
Qxf7+ Kh7 27. Qh5 Be5 {The pressure on the isolated pawn grows} 28. Bg5 $4 (28.
Qf5+ $142 Qxf5 29. Rxf5 $15) 28... Bxd4+ $19 29. Kh1 Rd5 30. Rxd4 Rxd4 (30...
Qxd4 $6 31. Qxe8 Re5 32. Qd8 $11) 31. Bxh6 Rd1+ (31... Qe1+ 32. Kh2 Qe5+ 33.
Qxe5 Rxe5 34. Bc1 Rxa4 35. Bd2 $19) 32. Kh2 Qe5+ (32... gxh6 $6 33. Qf7+ Kh8
34. Qf6+ Kh7 35. Qf7+ Kh8 36. Qf6+ Kh7 37. Qf7+ $11) 33. Qxe5 Rxe5 34. Bf4 Re4
35. b3 Rd5 36. Bc7 Red4 37. Bb6 (37. Re3 Rd3 38. Re7 Kg8 39. Re8+ Kf7 $19)
37... Rd3 38. Rxd3 (38. Rf7 Rxb3 39. Bc7 $19) 38... Rxd3 39. Bxa5 Rxb3 40. Bc7
c5 41. Kg1 c4 42. Kf1 c3 43. Ke2 c2 44. Kd2 Rc3 $3 (44... Rc3 45. Kxc3 c1=Q+
46. Kb4 Qxc7 47. h4 Kg6 48. g3 Kf5 49. a5 Ke4 50. a6 Kd3 51. Kb5 Qc6+ 52. Kb4
Qb6+ 53. Ka3 Kc3 54. g4 Qxa6#) 0-1